[Event "18.int.Seniorenturnier Bad Woerishofen"]
[Site "Veranstalter: chessorg"]
[Date "2002.03.10"]
[Round "4"]
[White "Dunkel, Horst_38Memm"]
[Black "Ruppert, Lothar"]
[Result "0-1"]
[WhiteElo "1580"]
[BlackElo "1945"]
[PlyCount "122"]
[EventDate "2002.03.??"]

1. e4 c5 2. f4 d6 3. Nf3 Nf6 4. Nc3 Nc6 5. Bb5 e6 6. Bxc6+ bxc6 7. O-O Be7 8.
d3 O-O 9. b3 Qb6 10. Na4 Qc7 11. c4 Nd7 12. Bb2 Bf6 13. Nc3 Bb7 14. Qe2 Bd4+
15. Kh1 Rae8 16. Nd1 Bxb2 17. Nxb2 f5 18. e5 dxe5 19. Nxe5 Nxe5 20. fxe5 Rd8
21. Rf3 f4 22. Na4 Qe7 23. Re1 Rf5 24. Qf2 g5 25. h3 h5 26. Nb2 Rdf8 27. Re4
Bc8 28. Na4 R8f7 29. Nxc5 g4 30. hxg4 hxg4 31. Rfxf4 Rxf4 32. Rxf4 Rxf4 33.
Qxf4 Qxc5 34. Qxg4+ Kf7 35. d4 Qf8 36. Qf4+ Ke8 37. Qxf8+ Kxf8 38. c5 Kg7 39.
g4 Kg6 40. Kg2 Kg5 41. Kg3 a5 42. a3 Ba6 43. Kf3 Bb5 44. b4 axb4 45. axb4 Bc4
46. Kg3 Bd5 47. Kh3 Bf3 48. Kg3 Be4 49. Kh3 Kf4 50. Kh4 Bg6 51. b5 cxb5 52. c6
Be8 53. c7 Bd7 54. Kh5 b4 55. g5 b3 56. g6 b2 57. g7 b1=Q 58. Kh6 Qh1+ 59. Kg6
Be8+ 60. Kf6 Qh6+ 61. Ke7 Qxg7+ 0-1

[Event "18.int.Seniorenturnier Bad Woerishofen"]
[Site "Veranstalter: chessorg"]
[Date "2002.03.10"]
[Round "4"]
[White "Eichinger, Adolf"]
[Black "Wohlfart, Karl_Heinz"]
[Result "1/2-1/2"]
[WhiteElo "1484"]
[BlackElo "1699"]
[PlyCount "69"]
[EventDate "2002.03.??"]

1. e4 d6 2. d4 Nf6 3. Nc3 g6 4. Bg5 Bg7 5. e5 dxe5 6. dxe5 Qxd1+ 7. Rxd1 Ng4 8.
Nd5 Bxe5 9. Nxe7 Bd7 10. Nd5 c6 11. h3 f6 12. hxg4 fxg5 13. Ne3 Bxb2 14. Ne2
Bg7 15. Nc4 O-O 16. f3 c5 17. Kd2 Be6 18. Nd6 Nc6 19. Nc3 Rfd8 20. Nce4 Bxa2
21. Kc1 Na5 22. Nxg5 h6 23. Nge4 c4 24. Nc5 Bf8 25. Nde4 Rxd1+ 26. Kxd1 b6 27.
Ne6 Bg7 28. Nxg7 Kxg7 29. Kc1 c3 30. Nxc3 Bf7 31. Bd3 Rc8 32. Kb2 Nc4+ 33. Bxc4
Bxc4 34. Re1 Rc7 35. f4 1/2-1/2

[Event "18.int.Seniorenturnier Bad Woerishofen"]
[Site "Veranstalter: chessorg"]
[Date "2002.03.10"]
[Round "4"]
[White "Eisenhuth, Mathias"]
[Black "Hennige, Anneliese"]
[Result "1-0"]
[WhiteElo "1695"]
[BlackElo "1144"]
[PlyCount "41"]
[EventDate "2002.03.??"]

1. d4 Nf6 2. c4 e6 3. a3 Be7 4. Nc3 c5 5. d5 d6 6. e4 e5 7. Bd3 O-O 8. Nge2 a6
9. O-O Bd7 10. f4 exf4 11. Bxf4 Ng4 12. h3 Ne5 13. Bxe5 dxe5 14. Ng3 g6 15. Rf3
Qb6 16. Rb1 Qa5 17. Qd2 Qb6 18. Qh6 Qd8 19. Nh5 gxh5 20. Rg3+ Kh8 21. Qg7# 1-0

[Event "18.int.Seniorenturnier Bad Woerishofen"]
[Site "Veranstalter: chessorg"]
[Date "2002.03.10"]
[Round "4"]
[White "Erler, Klaus_Juergen"]
[Black "Tochtermann, Georg_Dr"]
[Result "0-1"]
[WhiteElo "1677"]
[BlackElo "1828"]
[PlyCount "56"]
[EventDate "2002.03.??"]

1. c4 c5 2. Nc3 b6 3. Nf3 Bb7 4. g3 Bxf3 5. exf3 Nc6 6. f4 g6 7. b3 Bg7 8. Bb2
Nf6 9. Bg2 Nd4 10. Ne2 Nxe2 11. Qxe2 Rb8 12. Be5 d6 13. Bc6+ Kf8 14. Bc3 Nh5
15. Rc1 Bxc3 16. Rxc3 Ng7 17. Be4 Ne6 18. O-O Nd4 19. Qd3 e6 20. Bf3 Kg7 21.
Bd1 h5 22. h4 Qf6 23. Qe4 Rhd8 24. Re1 d5 25. Qe5 dxc4 26. Rxc4 Qxe5 27. fxe5
Nc6 28. Re2 f5 0-1

[Event "18.int.Seniorenturnier Bad Woerishofen"]
[Site "Veranstalter: chessorg"]
[Date "2002.03.10"]
[Round "4"]
[White "Escher, Helmut"]
[Black "Wolf, Alfred_34Bliest"]
[Result "1-0"]
[WhiteElo "1981"]
[BlackElo "1779"]
[PlyCount "91"]
[EventDate "2002.03.??"]

1. d4 g6 2. Nf3 Bg7 3. e4 d6 4. h3 Nc6 5. Be3 e5 6. Nc3 f5 7. Bg5 Nge7 8. dxe5
dxe5 9. Qxd8+ Kxd8 10. O-O-O+ Bd7 11. Bb5 a6 12. Bxc6 bxc6 13. Rhe1 f4 14. Na4
Ke8 15. Nc5 Bc8 16. Rd3 h6 17. Bxe7 Kxe7 18. Red1 g5 19. Rc3 Re8 20. Nd3 Kf8
21. Rxc6 Bb7 22. Rxc7 Bxe4 23. Rc5 Rab8 24. Ndxe5 Kg8 25. Re1 Bh7 26. b3 Bf8
27. Rc6 a5 28. Nc4 Rxe1+ 29. Nxe1 a4 30. f3 Re8 31. Kd1 axb3 32. axb3 Bb4 33.
Nd2 Rd8 34. c3 Bf8 35. b4 Ra8 36. b5 Ra1+ 37. Ke2 Ra2 38. Nd3 Ra8 39. b6 Rb8
40. Ne4 Be7 41. Ne5 Bxe4 42. fxe4 Bd8 43. Nc4 Kg7 44. Kf3 h5 45. e5 Kf7 46. Ke4
1-0

[Event "18.int.Seniorenturnier Bad Woerishofen"]
[Site "Veranstalter: chessorg"]
[Date "2002.03.10"]
[Round "4"]
[White "Gensbaur, Viktor"]
[Black "Budde, Reinhard"]
[Result "*"]
[WhiteElo "1793"]
[BlackElo "1598"]
[PlyCount "69"]
[EventDate "2002.03.??"]

1. e4 e5 2. Nf3 Nc6 3. Bc4 h6 4. O-O Nf6 5. Nc3 a6 6. d4 d6 7. dxe5 Ng4 8. exd6
Bxd6 9. h3 Nge5 10. Nxe5 Nxe5 11. Be2 O-O 12. Be3 Be6 13. f4 Nc4 14. Bxc4 Bxc4
15. Re1 Qe7 16. Qf3 Bc5 17. Bxc5 Qxc5+ 18. Qf2 Qxf2+ 19. Kxf2 Rad8 20. Rad1 c6
21. a3 f6 22. Rxd8 Rxd8 23. Rd1 Rxd1 24. Nxd1 Kf7 25. Ne3 Be6 26. g4 g5 27. Kf3
gxf4 28. Kxf4 Kg6 29. e5 fxe5+ 30. Kxe5 Bg8 31. h4 b6 32. Nf5 Bh7 33. c3 c5 34.
Ne7+ Kf7 35. Nd5 *

[Event "18.int.Seniorenturnier Bad Woerishofen"]
[Site "Veranstalter: chessorg"]
[Date "2002.03.10"]
[Round "4"]
[White "Gestrich, Wolfgang_ProfDr"]
[Black "Turboust, Roger"]
[Result "1/2-1/2"]
[WhiteElo "1595"]
[BlackElo "1752"]
[PlyCount "53"]
[EventDate "2002.03.??"]

1. c4 e5 2. Nc3 Nf6 3. g3 c6 4. Bg2 Na6 5. a3 Nc7 6. e4 Be7 7. Nge2 Ne6 8. d3
d6 9. O-O O-O 10. h3 Bd7 11. Kh2 Qc7 12. b4 b5 13. cxb5 cxb5 14. Nd5 Nxd5 15.
exd5 Nd8 16. f4 exf4 17. Bxf4 Nb7 18. Rc1 Qd8 19. Nd4 Bf6 20. Nc6 Qb6 21. d4
Rfe8 22. h4 Bf5 23. g4 Be4 24. g5 Bxg2 25. Kxg2 Be7 26. Re1 Bf8 27. Rc3 1/2-1/2

[Event "18.int.Seniorenturnier Bad Woerishofen"]
[Site "Veranstalter: chessorg"]
[Date "2002.03.10"]
[Round "4"]
[White "Girod, Gudrun"]
[Black "Buchner, Matthias"]
[Result "1/2-1/2"]
[WhiteElo "1387"]
[BlackElo "1543"]
[PlyCount "38"]
[EventDate "2002.03.??"]

1. d4 Nf6 2. Nf3 d5 3. e3 e6 4. Be2 c5 5. Nc3 Bd7 6. O-O Be7 7. Ne5 O-O 8. Nxd7
Nbxd7 9. b3 a6 10. Bb2 b5 11. a3 Nb6 12. Nb1 c4 13. Nc3 Qc7 14. b4 Bd6 15. g3
Rfe8 16. Bf3 Rad8 17. e4 dxe4 18. Nxe4 Nxe4 19. Bxe4 Nd5 1/2-1/2

[Event "18.int.Seniorenturnier Bad Woerishofen"]
[Site "Veranstalter: chessorg"]
[Date "2002.03.10"]
[Round "4"]
[White "Greifzu, Helmut"]
[Black "Bartlitz, Heinz"]
[Result "1-0"]
[WhiteElo "1851"]
[BlackElo "1613"]
[PlyCount "75"]
[EventDate "2002.03.??"]

1. Nf3 d6 2. d4 Nf6 3. c4 c6 4. Nc3 g6 5. e4 Bg7 6. Be2 O-O 7. h3 Nbd7 8. Be3
e5 9. d5 cxd5 10. cxd5 a6 11. a4 Qa5 12. O-O Nc5 13. Nd2 Bd7 14. Nc4 Qc7 15.
Nd2 b6 16. b4 Nb7 17. Qb3 a5 18. Rfc1 Qd8 19. bxa5 Nc5 20. Qxb6 Qb8 21. Bxc5
dxc5 22. Rab1 Qa7 23. Qxa7 Rxa7 24. a6 Bc8 25. Rb6 Nd7 26. Rc6 Nb8 27. Rxc5
Bxa6 28. Nb5 Rd7 29. Rc7 Rfd8 30. Rxd7 Rxd7 31. Nb3 Bf8 32. Nc5 Bxc5 33. Rxc5
f5 34. f3 Kf7 35. Kf2 Ke7 36. Ke1 h6 37. Kd2 Nc6 38. Rxc6 1-0

[Event "18.int.Seniorenturnier Bad Woerishofen"]
[Site "Veranstalter: chessorg"]
[Date "2002.03.10"]
[Round "4"]
[White "Gudat, Alfons"]
[Black "Josting, Friedel"]
[Result "0-1"]
[WhiteElo "1968"]
[BlackElo "1845"]
[PlyCount "64"]
[EventDate "2002.03.??"]

1. Nf3 Nf6 2. d4 e6 3. c4 c5 4. d5 exd5 5. cxd5 d6 6. Nc3 g6 7. e4 Bg7 8. Bd3
O-O 9. O-O Bg4 10. h3 Bxf3 11. Qxf3 Nbd7 12. Qd1 a6 13. a4 Re8 14. Bg5 Rb8 15.
f4 c4 16. Bc2 Qb6+ 17. Kh1 Qxb2 18. e5 Qxc3 19. Rf3 Qa5 20. exf6 Bxf6 21. Bxf6
Nxf6 22. Qd4 Nxd5 23. Be4 Nb6 24. Rb1 d5 25. Bxg6 hxg6 26. Rxb6 Qe1+ 27. Kh2
Qe4 28. Qc5 Rbc8 29. Qd6 d4 30. Rg3 Rc6 31. Qb4 Rxb6 32. Qxb6 Qxf4 0-1

[Event "18.int.Seniorenturnier Bad Woerishofen"]
[Site "Veranstalter: chessorg"]
[Date "2002.03.10"]
[Round "4"]
[White "Herzel, Alois_Dr"]
[Black "Schneider, Miloca"]
[Result "1-0"]
[WhiteElo "1843"]
[BlackElo "1782"]
[PlyCount "51"]
[EventDate "2002.03.??"]

1. d4 d6 2. c4 f5 3. g3 g6 4. Bg2 Nf6 5. Nc3 c6 6. Nf3 Bg7 7. O-O O-O 8. d5 e5
9. dxc6 bxc6 10. Qd2 Qe7 11. b3 e4 12. Ne1 Rd8 13. Ba3 Qe6 14. Nc2 Bb7 15. Rad1
d5 16. cxd5 Nxd5 17. Na4 Na6 18. Qa5 Ndc7 (18... Rd7 $142 19. Bc5 Rad8 20. Bxa7
Ra8 21. Bd4 Nab4 22. Qc5 Bf8) 19. Nc5 Nxc5 20. Qxc7 Rxd1 (20... Rd7 21. Qf4 Na6
) 21. Rxd1 Rc8 22. Rd8+ Bf8 23. Rxf8+ Rxf8 24. Bxc5 Rf7 25. Qd8+ Kg7 26. Bd4+ (
26. Bd4+ Rf6 27. Bxf6+ Qxf6 28. Qd7+ Qf7 29. Qd4+) 1-0

[Event "18.int.Seniorenturnier Bad Woerishofen"]
[Site "Veranstalter: chessorg"]
[Date "2002.03.10"]
[Round "4"]
[White "Hoeppner, Hans_18Nog"]
[Black "Harke, Horst"]
[Result "0-1"]
[WhiteElo "1599"]
[BlackElo "1755"]
[PlyCount "68"]
[EventDate "2002.03.??"]

1. e3 c6 2. Ne2 e6 3. d3 d5 4. Nd2 Nf6 5. Nf3 Nbd7 6. Ng3 Bd6 7. Be2 Ne5 8. Bd2
Qc7 9. Qc1 Nxf3+ 10. Bxf3 e5 11. e4 h6 12. Nh5 Nxh5 13. Bxh5 Be6 14. O-O O-O-O
15. a4 dxe4 16. dxe4 g6 17. Be2 Be7 18. Qe1 Rdf8 19. Ba5 b6 20. Bc3 Bc5 21. b4
Bd4 22. Bxd4 exd4 23. c4 Rd8 24. Bd3 Kd7 25. a5 Rb8 26. f4 f5 27. Qf2 c5 28.
bxc5 bxc5 29. exf5 gxf5 30. Qc2 Rhf8 31. a6 Rb6 32. Qa4+ Ke7 33. Qa5 Rfb8 34.
Rfe1 Kf6 0-1

[Event "18.int.Seniorenturnier Bad Woerishofen"]
[Site "Veranstalter: chessorg"]
[Date "2002.03.10"]
[Round "4"]
[White "Kuhn, Arno_29Ludw"]
[Black "Borger, Martin"]
[Result "0-1"]
[WhiteElo "1532"]
[BlackElo "1748"]
[PlyCount "38"]
[EventDate "2002.03.??"]

1. d4 d5 2. c4 e6 3. e3 Nf6 4. Nf3 Nbd7 5. Bd3 c5 6. Qc2 Qc7 7. Nc3 a6 8. Qa4
Rb8 9. O-O Be7 10. Bd2 O-O 11. cxd5 b5 12. Qc2 b4 13. Ne4 exd5 14. Ng3 g6 15.
Rac1 Qd6 16. Be2 Bb7 17. a3 Qb6 18. -- Bd6 19. Rfe1 Rfe8 0-1

[Event "18.int.Seniorenturnier Bad Woerishofen"]
[Site "Veranstalter: chessorg"]
[Date "2002.03.10"]
[Round "4"]
[White "Leschhorn, Heinrich"]
[Black "Vorderbruegge, Franz_Josef"]
[Result "0-1"]
[WhiteElo "1846"]
[BlackElo "1761"]
[PlyCount "66"]
[EventDate "2002.03.??"]

1. Nf3 d5 2. c4 c6 3. b3 Nf6 4. g3 g6 5. Bb2 Qb6 6. Qc1 Bg7 7. Bg2 O-O 8. O-O
Na6 9. d3 Nc7 10. Nbd2 h6 11. Rb1 Ne6 12. b4 Re8 13. a4 d4 14. c5 Qxb4 15. Bxd4
$4 15... Nxd4 16. Rxb4 Nxe2+ 17. Kh1 Nxc1 18. Rxc1 Nd5 19. Rb3 Rd8 20. Nc4 Rd7
21. Na5 Rc7 22. d4 Kf8 23. Re1 Bf6 24. h4 Rb8 25. Reb1 e6 26. Nc4 Be7 27. Nfe5
Kg7 28. Nd6 Bd7 29. Ndxf7 b5 30. Nxd7 Rxd7 31. Ne5 Rc7 32. axb5 cxb5 33. Rxb5
Rbc8 0-1

[Event "18.int.Seniorenturnier Bad Woerishofen"]
[Site "Veranstalter: chessorg"]
[Date "2002.03.10"]
[Round "4"]
[White "Maassen, Hermann"]
[Black "Koenigl, Anton"]
[Result "0-1"]
[WhiteElo "1701"]
[BlackElo "1827"]
[PlyCount "94"]
[EventDate "2002.03.??"]

1. e4 d5 2. exd5 Qxd5 3. Nc3 Qa5 4. d4 c6 5. Nf3 Bg4 6. Be2 Nd7 7. O-O e6 8. a3
Ngf6 9. Bf4 Qd8 10. Qd2 Bxf3 11. Bxf3 Nb6 12. b4 Bd6 13. Bg5 Be7 14. Rfe1 O-O
15. Rad1 Nbd5 16. Nxd5 cxd5 17. Qe2 Rc8 18. Rd3 Qc7 19. c3 Kh8 20. Qb2 Ng8 21.
Bxe7 Nxe7 22. Bd1 Nf5 23. Rh3 h6 24. g4 Ne7 25. Qd2 Ng6 26. Ree3 Nf4 27. g5
Nxh3+ 28. Rxh3 e5 29. gxh6 g6 30. Qg5 Qd6 31. dxe5 Qe6 32. Rf3 Rce8 33. Re3 Kh7
34. Bg4 Qe7 35. Qf4 Qd8 36. Qd4 f5 37. Bd1 Qg5+ 38. Rg3 Qe7 39. f4 b6 40. Bb3
Rd8 41. Bd1 Qh4 42. Qe3 Rc8 43. Rh3 Qd8 44. Rg3 Rc4 45. Bc2 Qh4 46. Rh3 Qxf4
47. Qxf4 Rxf4 0-1

[Event "18.int.Seniorenturnier Bad Woerishofen"]
[Site "Veranstalter: chessorg"]
[Date "2002.03.10"]
[Round "4"]
[White "Maertins, Leo"]
[Black "Krueger, Manfred_34Nied"]
[Result "1/2-1/2"]
[WhiteElo "1642"]
[BlackElo "1446"]
[PlyCount "113"]
[EventDate "2002.03.??"]

1. c4 Nf6 2. Nc3 e6 3. g3 c6 4. Bg2 d5 5. cxd5 cxd5 6. d4 Nc6 7. Nf3 Bd6 8. O-O
a6 9. Re1 b5 10. b3 Bb4 11. Bd2 Qa5 12. Qc2 Bd7 13. a3 Bxc3 14. Bxc3 Qb6 15. e3
Rc8 16. Qd3 Ne4 17. Bb2 b4 18. a4 Na5 19. Rac1 O-O 20. Ne5 Nf6 21. e4 dxe4 22.
Bxe4 Qa7 23. Bf3 Rxc1 24. Rxc1 Bc8 25. g4 Nd5 26. Bxd5 exd5 27. Rc5 Qb6 28.
Rxd5 Be6 29. Nd7 Bxd7 30. Rxd7 Qe6 31. Ra7 Qxg4+ 32. Kf1 Qe6 33. d5 Qd6 34. Qg3
Qxg3 35. hxg3 Nxb3 36. Rxa6 Rb8 37. Be5 Re8 38. Rb6 Nd2+ 39. Kg2 Nc4 40. Rxb4
Nxe5 41. a5 g6 42. a6 Kg7 43. a7 Ra8 44. Rb7 Kf6 45. f4 Nc4 46. Rd7 h5 47. Kf3
g5 48. Rc7 g4+ 49. Ke2 Kg7 50. Rxc4 Rxa7 51. d6 Rd7 52. Rd4 f5 53. Rd1 Kf6 54.
Rh1 Rh7 55. Kf2 Ke6 56. Rd1 Rd7 57. Rh1 1/2-1/2

[Event "18.int.Seniorenturnier Bad Woerishofen"]
[Site "Veranstalter: chessorg"]
[Date "2002.03.10"]
[Round "4"]
[White "Malik, Rosemarie"]
[Black "Kaiser, Hans_35BGladb"]
[Result "1/2-1/2"]
[WhiteElo "1293"]
[BlackElo "1619"]
[PlyCount "53"]
[EventDate "2002.03.??"]

1. e4 c5 2. Nf3 e6 3. d4 cxd4 4. Nxd4 Qb6 5. c3 a6 6. Bc4 Qc7 7. Bb3 Nf6 8. f3
Bc5 9. Be3 Nc6 10. Nc2 Bxe3 11. Nxe3 b5 12. Nd2 d6 13. Qe2 Bd7 14. O-O-O b4 15.
Ndc4 bxc3 16. Nxd6+ Ke7 17. bxc3 Na5 18. Qb2 Qc5 19. Rhe1 Rab8 20. Nec4 Rhc8
21. Rd3 Nxc4 22. Nxc4 Bb5 23. Rd4 Bxc4 24. Rxc4 Qg5+ 25. Qd2 Qa5 26. Rxc8 Rxc8
27. c4 1/2-1/2

[Event "18.int.Seniorenturnier Bad Woerishofen"]
[Site "Veranstalter: chessorg"]
[Date "2002.03.10"]
[Round "4"]
[White "Peierl, Walter"]
[Black "Ziltener, Werner"]
[Result "0-1"]
[WhiteElo "1846"]
[BlackElo "1962"]
[PlyCount "64"]
[EventDate "2002.03.??"]

1. e4 e5 2. Nf3 Nc6 3. d4 exd4 4. Nxd4 Nf6 5. Nxc6 bxc6 6. Nc3 Bb4 7. Bd2 O-O
8. Bd3 Re8 9. f3 d5 10. O-O Bd6 11. Bg5 h6 12. Bh4 g5 13. Bg3 Bxg3 14. hxg3 Qd6
15. Ne2 dxe4 16. fxe4 Nxe4 17. Bxe4 Rxe4 18. Nc3 Rg4 19. Qf3 Be6 20. Nd1 Qd4+
21. Nf2 Qb6 22. Rae1 Rd4 23. Kh2 Bd5 24. Qf6 c5 25. Qe5 Qd6 26. Qe3 Bc6 27. Nh3
Rd2 28. Rf2 Rxf2 29. Nxf2 Re8 30. Qc1 Rxe1 31. Qxe1 Qd5 32. Kg1 Qxg2# 0-1

[Event "18.int.Seniorenturnier Bad Woerishofen"]
[Site "Veranstalter: chessorg"]
[Date "2002.03.10"]
[Round "4"]
[White "Pukropski, Walter"]
[Black "Narr, Irmgard"]
[Result "1-0"]
[WhiteElo "1731"]
[BlackElo "1290"]
[PlyCount "89"]
[EventDate "2002.03.??"]

1. d4 d5 2. Nf3 Nf6 3. Bf4 e6 4. e3 Be7 5. Nbd2 h6 6. h3 Nc6 7. c3 a6 8. Bd3
Bd7 9. Qe2 Na7 10. a4 c5 11. dxc5 Bxc5 12. Ne5 Qb6 13. b4 Bd6 14. O-O Qc7 15.
Nxd7 Nxd7 16. Bxd6 Qxd6 17. e4 O-O 18. exd5 Qxd5 19. Nf3 Rfe8 20. Rfd1 Qc6 21.
c4 Qc7 22. Rab1 Nf6 23. b5 Qc5 24. Ne5 Rad8 25. Bc2 Nc8 26. bxa6 bxa6 27. Qe3
Qxe3 28. fxe3 Nd6 29. Rb6 Nfe4 30. Rxa6 f5 31. c5 Nf7 32. Rxd8 Nxd8 33. Bxe4
fxe4 34. Ra8 Kf8 35. c6 Nxc6 36. Rxe8+ Kxe8 37. Nxc6 Kd7 38. Nd4 e5 39. Nf5 Kc6
40. Nxg7 Kb6 41. Nf5 Ka5 42. Nxh6 Kxa4 43. Nf7 Kb5 44. h4 Kc6 45. h5 1-0

[Event "18.int.Seniorenturnier Bad Woerishofen"]
[Site "Veranstalter: chessorg"]
[Date "2002.03.10"]
[Round "4"]
[White "Ruth, Walter"]
[Black "Miessner, Rolf"]
[Result "1/2-1/2"]
[WhiteElo "1855"]
[BlackElo "1634"]
[PlyCount "50"]
[EventDate "2002.03.??"]

1. Nf3 Nf6 2. b3 g6 3. e3 Bg7 4. Bb2 d6 5. c4 O-O 6. d4 Ne4 7. Nbd2 Nxd2 8.
Qxd2 c5 9. Be2 Nd7 10. O-O b6 11. Rfd1 Bb7 12. d5 Bxb2 13. Qxb2 f6 14. Qc2 Bc8
15. h3 Qe8 16. Rd2 Qf7 17. Rad1 Ne5 18. Nh4 Qg7 19. f4 Nf7 20. e4 g5 21. Nf5
Bxf5 22. exf5 gxf4 23. Qe4 Ne5 24. Qxf4 Kh8 25. Kh1 Qg5 1/2-1/2

[Event "18.int.Seniorenturnier Bad Woerishofen"]
[Site "Veranstalter: chessorg"]
[Date "2002.03.10"]
[Round "4"]
[White "Schafroth, Georg"]
[Black "Malik, Heinz"]
[Result "0-1"]
[WhiteElo "1422"]
[BlackElo "1662"]
[PlyCount "80"]
[EventDate "2002.03.??"]

1. d4 d5 2. c4 e6 3. Nc3 Nf6 4. Bg5 Be7 5. e3 O-O 6. Bd3 dxc4 7. Bxc4 Nbd7 8.
Nf3 h6 9. Bh4 b6 10. O-O Bb7 11. Re1 Nd5 12. Bxe7 Qxe7 13. a3 Nxc3 14. bxc3 c5
15. Ra2 Nf6 16. Bd3 Rad8 17. e4 cxd4 18. cxd4 Rc8 19. Qa4 Rc7 20. Rc2 Rxc2 21.
Bxc2 Rc8 22. h3 Qc7 23. Re2 a6 24. Qb3 b5 25. e5 Nd5 26. Qd3 g6 27. g3 Qc3 28.
Ne1 Qxd3 29. Bxd3 Rc1 30. Kh2 Rc3 31. Ra2 Nb6 32. h4 Rc1 33. Re2 Nc4 34. Bxc4
bxc4 35. f3 Bd5 36. Kg2 Rc3 37. Ra2 Rb3 38. Kf2 c3 39. Nd3 c2 40. Rxc2 Rxd3 0-1

[Event "18.int.Seniorenturnier Bad Woerishofen"]
[Site "Veranstalter: chessorg"]
[Date "2002.03.10"]
[Round "4"]
[White "Scheidt, Eugen"]
[Black "Michalowski, Richard"]
[Result "1/2-1/2"]
[WhiteElo "1790"]
[BlackElo "1521"]
[PlyCount "29"]
[EventDate "2002.03.??"]

1. e4 d5 2. exd5 Qxd5 3. Nc3 Qa5 4. Nf3 Nf6 5. Be2 Bf5 6. b4 Qb6 7. O-O e6 8.
Rb1 c6 9. d4 Bd6 10. Ng5 Nbd7 11. Na4 Qc7 12. Rb3 O-O 13. Nc5 Ne4 14. Ngxe4
Bxe4 15. Nxe4 1/2-1/2

[Event "18.int.Seniorenturnier Bad Woerishofen"]
[Site "Veranstalter: chessorg"]
[Date "2002.03.10"]
[Round "4"]
[White "Schumacher, Horst"]
[Black "Thonig, Manfred"]
[Result "1-0"]
[WhiteElo "1787"]
[BlackElo "1603"]
[PlyCount "91"]
[EventDate "2002.03.??"]

1. e4 g6 2. d4 Bg7 3. Nc3 b6 4. Be3 d6 5. Qd2 Nd7 6. Nf3 h6 7. Bd3 e6 8. h3 Ne7
9. O-O Bb7 10. Nh2 Nf6 11. f4 Qd7 12. a4 a5 13. e5 Nh5 14. Qf2 Bf8 15. g4 Ng7
16. exd6 cxd6 17. Bb5 Bc6 18. d5 Bxb5 19. dxe6 Nxe6 20. Nxb5 Nc5 21. Bd4 Rg8
22. Rfe1 h5 23. Bxc5 bxc5 24. Rad1 Ra6 25. Qf3 Kd8 26. Nxd6 Rxd6 27. Rxd6 Qxd6
28. Rd1 Qxd1+ 29. Qxd1+ Kc7 30. Qd2 Nc6 31. Nf3 Bg7 32. Qd5 Rd8 33. Qxf7+ Rd7
34. Qxg6 hxg4 35. hxg4 Bxb2 36. Kg2 Ne7 37. Qe4 Nc6 38. Ne5 Nxe5 39. fxe5 Re7
40. e6 Kd6 41. Qd3+ Kc7 42. Qd5 Bd4 43. Kf3 Rh7 44. Kf4 Bg1 45. Kf5 Be3 46.
Qe5+ 1-0

[Event "18.int.Seniorenturnier Bad Woerishofen"]
[Site "Veranstalter: chessorg"]
[Date "2002.03.10"]
[Round "4"]
[White "Weigel, Herbert"]
[Black "Ganslmayer, Herbert"]
[Result "1-0"]
[WhiteElo "2032"]
[BlackElo "1779"]
[PlyCount "47"]
[EventDate "2002.03.??"]

1. e4 d5 2. exd5 Qxd5 3. Nc3 Qa5 4. d4 Nf6 5. Nf3 Bf5 6. Bc4 e6 7. Bd2 c6 8.
Ne5 Qc7 9. g4 Bg6 (9... Be4 $142 10. f3 (10. Nxe4 Nxe4 11. Bf4 Qb6) 10... Bd5)
10. h4 Bb4 (10... Nbd7 $142 11. h5 (11. Qe2 Nxe5 12. dxe5 Nd5 13. Bxd5 exd5 14.
h5 Bxc2 15. Rc1 d4) 11... Nxe5 12. dxe5 Qxe5+ 13. Qe2 Qxe2+ 14. Kxe2 Bxc2) 11.
h5 Bxc3 12. hxg6 Bxd2+ 13. Qxd2 Ne4 14. Qe3 f5 15. Rxh7 Rf8 16. Bxe6 Nf6 17.
Bf7+ Kd8 18. Rxg7 Nbd7 19. Qg5 Qa5+ 20. c3 Kc7 21. Nxd7 Nxd7 22. O-O-O Rxf7 23.
Rxf7 Qxa2 24. Qxf5 1-0

[Event "18.int.Seniorenturnier Bad Woerishofen"]
[Site "Veranstalter: chessorg"]
[Date "2002.03.10"]
[Round "4"]
[White "Wendel, Walter"]
[Black "Zacharias, Helmut"]
[Result "1/2-1/2"]
[WhiteElo "1413"]
[BlackElo "1435"]
[PlyCount "104"]
[EventDate "2002.03.??"]

1. c4 c5 2. Nc3 Nc6 3. Nf3 Nf6 4. e3 g6 5. Be2 Bg7 6. a3 O-O 7. O-O d5 8. d4
cxd4 9. exd4 dxc4 10. Bxc4 e6 11. Bg5 Qb6 12. Qc2 Nxd4 13. Nxd4 Qxd4 14. Ne2
Qe4 15. Qb3 Qe5 16. f4 Qc5+ 17. Kh1 Ne4 18. Qb4 Qxb4 19. axb4 Bxb2 20. Rad1 a6
21. Be7 Re8 22. Bh4 b5 23. Bd3 Bb7 24. Bxe4 Bxe4 25. Rd2 Bg7 26. h3 Rac8 27.
Rc1 Bf8 28. Rd4 Rxc1+ 29. Nxc1 Bd5 30. Nd3 Bg7 31. Rxd5 exd5 32. Kg1 Re3 33.
Nc5 d4 34. Bf2 Ra3 35. Kf1 d3 36. Be3 Bf8 37. Bd2 a5 38. Na6 Ra1+ 39. Kf2 axb4
40. Nxb4 Bc5+ 41. Kf3 Ra3 42. Nc6 f5 43. g4 Ra2 44. Be3 Bxe3 45. Kxe3 d2 46.
Ke2 Rb2 47. gxf5 gxf5 48. Ne7+ Kf7 49. Nxf5 b4 50. Nd6+ Ke6 51. Nc4 Rc2 52.
Nxd2 Kf5 1/2-1/2

[Event "18.int.Seniorenturnier Bad Woerishofen"]
[Site "Veranstalter: chessorg"]
[Date "2002.03.10"]
[Round "4"]
[White "Winkler, Hans"]
[Black "Diete, Guenter"]
[Result "0-1"]
[WhiteElo "1668"]
[BlackElo "1744"]
[PlyCount "86"]
[EventDate "2002.03.??"]

1. c4 e5 2. Nc3 Nc6 3. Nf3 f5 4. d3 Nf6 5. g3 Be7 6. Bg2 O-O 7. O-O d6 8. Ne1
Be6 9. f4 e4 10. b3 d5 11. cxd5 Nxd5 12. Nxd5 Bxd5 13. Nc2 Bf6 14. Rb1 exd3 15.
exd3 Bxg2 16. Kxg2 Re8 17. Qf3 Nd4 18. Nxd4 Bxd4 19. Bd2 c6 20. Rfe1 Qd6 21. b4
Re6 22. Rxe6 Qxe6 23. Re1 Qxa2 24. Qe2 Qd5+ 25. Kh3 Bf6 26. Qh5 g6 27. Qe2 Rd8
28. Be3 Re8 29. Qd2 b6 30. Bf2 Rxe1 31. Bxe1 Bd4 32. Qe2 Kf7 33. Bd2 Qa2 34.
Qd1 Qe6 35. Qf3 b5 36. Qg2 Ke7 37. Qf3 Kd7 38. Qf1 Qa2 39. Be1 Qc2 40. Qf3 Kc7
41. g4 fxg4+ 42. Qxg4 Qxd3+ 43. Bg3 Qf1+ 0-1

[Event "18.int.Seniorenturnier Bad Woerishofen"]
[Site "Veranstalter: chessorg"]
[Date "2002.03.10"]
[Round "4"]
[White "Xander, Karl_Dr"]
[Black "Hausner, Alfreda"]
[Result "1/2-1/2"]
[WhiteElo "1969"]
[BlackElo "1696"]
[PlyCount "104"]
[EventDate "2002.03.??"]

1. e4 d5 2. exd5 Qxd5 3. d4 c6 4. Nf3 Bg4 5. Be2 Nf6 6. c4 Qd8 7. Nc3 e6 8. O-O
Be7 9. Be3 O-O 10. h3 Bxf3 11. Bxf3 Nbd7 12. Qc2 Nb6 13. b3 Qc7 14. Rad1 Rad8
15. a4 a5 16. Ne2 Nbd7 17. Ng3 Rfe8 18. Rfe1 Bb4 19. Bd2 Bd6 20. Ne4 Nxe4 21.
Bxe4 g6 22. Bc3 Bf8 23. Qd2 b6 24. Bf3 Bg7 25. Qb2 c5 26. d5 Bxc3 27. Qxc3 exd5
28. Bxd5 Rxe1+ 29. Rxe1 Qd6 30. Rd1 Qe7 31. Re1 Qf6 32. Qe3 Kg7 33. Qe7 Nf8 34.
Qe4 Rd6 35. Re3 Qa1+ 36. Kh2 Rf6 37. f4 Ne6 38. Bxe6 Rxe6 39. Qf3 Rxe3 40. Qxe3
Qf6 41. g4 h6 42. Kg3 Qd6 43. Qe5+ Qxe5 44. fxe5 Kf8 45. Kf4 Ke7 46. Ke4 Ke6
47. h4 Ke7 48. Kd5 Kd7 49. Ke4 Ke6 50. Kf4 f5 51. exf6 Kxf6 52. Ke4 Ke6 1/2-1/2